Villes du monde - Statistiques

Statistiques générales
  • Ce quiz a été pris 45 fois
  • Le résultat moyen est 10 sur 15
Statistiques - réponses
Par images Réponse % Correct
New York
100%
Sydney
100%
Paris
98%
Londres
93%
Tokyo
93%
Dubaï
90%
Moscou
88%
Rio de Janeiro
85%
New Delhi
61%
Berlin
51%
Pékin
46%
Séoul
29%
Montréal
27%
Mexico
17%
Johannesburg
2%
Aucun quiz correspondant
Distribution des résultats
% des personnes avec chaque résultat
Percentile par nombre de réponses
Votre historique - résultats
Vous n’avez pas pris ce quiz